| Tag |
First Indicator |
Second Indicator |
Subfields |
| LEADER |
00000cam a2200000 a 4500 |
| 001 |
in00001406527 |
| 005 |
20151020072739.0 |
| 008 |
900926s1991 nyua b 000 0 eng |
| 010 |
|
|
|a 90019391
|
| 015 |
|
|
|a GB91-36511
|
| 019 |
|
|
|a 26315047
|
| 020 |
|
|
|a 0824077377 (alk. paper)
|
| 035 |
|
|
|a (OCoLC)22596523
|
| 035 |
|
|
|9 AHQ3467AM
|
| 040 |
|
|
|a DLC
|c DLC
|d UKM
|d TXA
|d UtOrBLW
|
| 041 |
1 |
|
|a eng
|h ger
|
| 049 |
|
|
|a TXAM
|
| 050 |
0 |
0 |
|a BV5091.V6
|b M43415 1990
|
| 082 |
0 |
0 |
|a 248.2/2
|2 20
|
| 090 |
|
|
|a BV5091.V6
|b M43415 1991
|
| 100 |
0 |
|
|a Mechthild,
|c of Magdeburg,
|d approximately 1212-approximately 1282.
|
| 240 |
1 |
0 |
|a Fliessende Licht der Gottheit.
|l English
|
| 245 |
1 |
0 |
|a Flowing light of the divinity /
|c Mechthild von Magdeburg ;translated by Christiane Mesch Galvani ; edited, with an introduction, by Susan Clark.
|
| 264 |
|
1 |
|a New York :
|b Garland Publishing, Inc.,
|c 1991.
|
| 300 |
|
|
|a xxvii, 280 pages :
|b illustrations ;
|c 23 cm.
|
| 336 |
|
|
|a text
|b txt
|2 rdacontent
|
| 337 |
|
|
|a unmediated
|b n
|2 rdamedia
|
| 338 |
|
|
|a volume
|b nc
|2 rdacarrier
|
| 490 |
1 |
|
|a Garland library of medieval literature ;
|v v. 72, ser. B
|
| 500 |
|
|
|a Translation of: Fliessende Licht der Gottheit.
|
| 504 |
|
|
|a Includes bibliographical references (pages xxi-xxvii).
|
| 650 |
|
0 |
|a Visions
|v Early works to 1800.
|
| 650 |
|
0 |
|a Private revelations
|x Early works to 1800.
|
| 650 |
|
0 |
|a Spiritual life
|x Catholic Church
|v Early works to 1800.
|
| 600 |
0 |
4 |
|a Mechthild,
|c of Magdeburg,
|d ca 1212-ca 1282.
|
| 653 |
0 |
|
|a Christianity
|a Mysticism
|
| 700 |
1 |
|
|a Galvani, Christiane Mesch,
|d 1954-
|
| 700 |
1 |
|
|a Clark, Susan L.
|
| 830 |
|
0 |
|a Garland library of medieval literature ;
|v v. 72.
|
| 948 |
|
|
|a c:rd
|
| 999 |
|
|
|a MARS
|
| 999 |
f |
f |
|s 04038f10-f344-3f6e-aa35-86c3da9ead0f
|i b333bdfe-b7d3-3f22-b5a0-aaf0952ac3be
|t 0
|
| 952 |
f |
f |
|p normal
|a Texas A&M University
|b College Station
|c Sterling C. Evans Library
|d Evans: Library Stacks
|t 0
|e BV5091.V6 M43415 1991
|h Library of Congress classification
|i unmediated -- volume
|m A14823313110
|
| 998 |
f |
f |
|a BV5091.V6 M43415 1991
|t 0
|l Evans: Library Stacks
|